000 01330cam a2200301 a 4500
001 1579005
003 ARRUPE
005 20150109142818.0
008 930524s1993 dcu b 100 0 eng
010 _a 93022154
020 _a0878405445 (acidfree paper)
040 _aDLC
_cDLC
_dDLC
050 0 0 _aKBU3054
_b.C38 1993
082 0 0 _a377/.82
_220
245 0 0 _aCatholic universities in church and society :
_ba dialogue on Ex corde ecclesiae /
_cedited by John P. Langan ; foreword by Leo J. Donovan.
260 _aWashington, D.C. :
_bGeorgetown University Press,
_cc1993.
300 _aix, 261 p. ;
_c23 cm.
500 _aPapers from a symposium held at Georgetown University in April 1993.
504 _aIncludes bibliographical references.
610 2 0 _aCatholic Church.
_bPope (1978-2005 : John Paul II).
_tEx corde ecclesiae
_xCongresses.
_913686
650 0 _aUniversities and colleges (Canon law)
_xCongresses.
_913687
650 0 _aChristian education (Canon law)
_xCongresses.
_913688
650 0 _aCatholic universities and colleges
_zUnited States
_vCongresses.
_913689
700 1 _aLangan, John,
_d1940-
_913690
906 _a7
_bcbc
_corignew
_d1
_eocip
_f19
_gy-gencatlg
942 _2lcc
_cMONOGRAPH
999 _c121574
_d121574